书目信息 |
| 题名: |
贵族们的游戏
|
|
| 作者: | 比约德 著 | |
| 分册: | 上 | |
| 出版信息: | 北京 人民日报出版社 2006 |
|
| 页数: | 148页 | |
| 开本: | 21cm | |
| 丛书名: | 世界科幻作品精选文库 | |
| 单 册: | ||
| 中图分类: | I712.45 | |
| 科图分类: | ||
| 主题词: | 科学幻想小说--ke xue huan xiang xiao shuo--世界--选集 , 文学 | |
| 电子资源: | ||
| ISBN: | 7-80208-004-5 | |
| 000 | 00879nam 2200253 450 | |
| 001 | 012007795643 | |
| 005 | 20140619162531.99 | |
| 010 | @a7-80208-004-5@dCNY29.80 | |
| 100 | @a20080420d2006 km y0chiy0120 ea | |
| 101 | 1 | @achi@ceng |
| 102 | @aCN@b110000 | |
| 105 | @ay z 000yy | |
| 200 | 1 | @a贵族们的游戏@Agui zu men de you xi@h上@f(美) 洛伊斯·比约德著@fCard, Orson Scott著 |
| 210 | @a北京@c人民日报出版社@d2006 | |
| 215 | @a148页@d21cm | |
| 225 | 2 | @a世界科幻作品精选文库@Ashi jie ke huan zuo pin jing xuan wen ku@f李丽琼主编 |
| 330 | @a本书主要内容包括: | |
| 410 | 0 | @12001 @a世界科幻作品精选文库@1701 0@a李丽琼@Ali li qiong@4主编 |
| 606 | 0 | @a科学幻想小说@Ake xue huan xiang xiao shuo@y世界@j选集 |
| 606 | 0 | @a文学 |
| 690 | @aI712.45@v4 | |
| 701 | 1 | @a比约德@Abi yue de@g(Card, Orson Scott)@4著 |
| 801 | 0 | @aCN@bRULIN@c20081222 |
| 905 | @aZUCC@dI712.45@eB7342 | |
| 贵族们的游戏.上/(美) 洛伊斯·比约德著/Card, Orson Scott著.-北京:人民日报出版社,2006 |
| 148页;21cm.-(世界科幻作品精选文库/李丽琼主编) |
| ISBN 7-80208-004-5:CNY29.80 |
| 本书主要内容包括: |
| ● |
| 相关链接 |
|
|
|
正题名:贵族们的游戏
索取号:I712.45/B7342
 
预约/预借
| 序号 | 登录号 | 条形码 | 馆藏地/架位号 | 状态 | 备注 |
| 1 | 719737 | 207197371 | 文学库116/116文学库 26排3列2层/ [索取号:I712.45/B7342] | 在馆 | |
| 2 | 719738 | 207197380 | 社科二线422/422社科库 13排2列2层/ [索取号:I712.45/B7342] | 在馆 | |
| 3 | 719739 | 207197399 | 社科二线422/422社科库 13排2列2层/ [索取号:I712.45/B7342] | 在馆 | |
| 4 | 719740 | 207197406 | 自科二线404/116文学库 26排3列2层/ [索取号:I712.45/B7342] | 在馆 | |
| 5 | 719741 | 207197415 | 自科二线404/116文学库 26排3列2层/ [索取号:I712.45/B7342] | 在馆 |